| 000 | 00566nam a2200217Ia 4500 | ||
|---|---|---|---|
| 005 | 20251121190844.0 | ||
| 008 | 230125s9999 xx 000 0 und d | ||
| 020 | _a9780007265497 | ||
| 041 | _aeng | ||
| 082 |
_a158.1 _bCAN |
||
| 100 |
_aCanfield J _9215133 |
||
| 245 | _aHow To Get From Where You Are To Where You Want To Be. | ||
| 260 |
_c2007 _bHarper Element. _aLondon |
||
| 300 | _a335p | ||
| 440 | _v1 | ||
| 500 | _aPersonality Development | ||
| 650 |
_aPersonality Development _9213420 |
||
| 700 |
_aCanfield J _9215133 |
||
| 906 | _b29 | ||
| 942 | _cBK | ||
| 999 |
_c95321 _d95321 |
||